|
|
|
|
| LEADER |
02050njm a2200493 i 4500 |
| 001 |
001503869 |
| 003 |
CZ BrMZK |
| 005 |
20160125092757.0 |
| 007 |
sd fungnnmmned |
| 008 |
160107t20152015xr mpnng n slo |
| 015 |
|
|
|a cnb002752931
|
| 024 |
1 |
|
|a 825646053902
|
| 028 |
0 |
1 |
|a 0825646053902
|b Warner Music Czech Republic
|
| 040 |
|
|
|a BOA001
|b cze
|e rda
|
| 072 |
|
7 |
|a 784
|x Vokální hudba
|2 Konspekt
|9 9
|
| 072 |
|
7 |
|a 784
|x Vokální hudba
|2 Konspekt
|9 9
|
| 080 |
|
|
|a 784.7:791
|2 MRF
|
| 080 |
|
|
|a (086.76)
|2 MRF
|
| 100 |
1 |
|
|a Patejdl, Vašo,
|d 1954-2023
|7 xx0015218
|4 cmp
|4 itr
|
| 245 |
1 |
0 |
|a Ten príbeh za náš sen stál /
|c Marika Gombitová
|
| 264 |
|
1 |
|a [Praha] :
|b Warner Music Czech Republic,
|c [2015]
|
| 264 |
|
4 |
|c ℗2015
|
| 300 |
|
|
|a 1 CD audio ;
|c 12 cm
|
| 336 |
|
|
|a hraná hudba
|b prm
|2 rdacontent
|
| 337 |
|
|
|a audio
|b s
|2 rdamedia
|
| 338 |
|
|
|a audiodisk
|b sd
|2 rdacarrier
|
| 344 |
|
|
|a digital
|b optical
|2 rda
|
| 347 |
|
|
|a audio soubor
|b CD audio
|2 rda
|
| 500 |
|
|
|a Název z disku
|
| 500 |
|
|
|a Hudba Vašo Patejdl ; text Kamil Peteraj
|
| 500 |
|
|
|a "Titulná pieseň k filmu Sedem zhavranelých bratov"--Pouzdro
|
| 505 |
0 |
|
|a Ten príbeh za náš sen stál (radio mix) -- Ten príbeh za náš sen stál (movie mix) -- Ten príbeh za náš sen stál (instrumental)
|
| 511 |
0 |
|
|a Zpívá Marika Gombitová ; nahrál Orchestr Solamente Naturali s dirigentem Antonem Popovičem ; kytary Juraj Burian ; klavír a programování Vašo Patejdl
|
| 650 |
0 |
7 |
|a filmové písně
|7 ph120200
|2 czenas
|
| 655 |
|
7 |
|a kompaktní desky
|7 fd201991
|2 czenas
|
| 700 |
1 |
|
|a Peteraj, Kamil,
|d 1945-
|7 mzk2002111267
|4 lyr
|
| 700 |
1 |
|
|a Gombitová, Marika,
|d 1956-
|7 xx0015078
|4 sng
|
| 700 |
1 |
|
|a Popovič, Anton,
|d 1965-
|7 jx20090609038
|4 cnd
|
| 700 |
1 |
|
|a Burian, Juraj,
|d 1963-
|7 xx0086955
|4 itr
|
| 710 |
2 |
|
|a Solamente naturali (hudební skupina)
|7 xx0048445
|4 prf
|
| 910 |
|
|
|a BOA001
|b CDR-1360.048
|
| 990 |
|
|
|a AV
|
| 991 |
|
|
|b 201601
|c NOV
|
| 996 |
6 |
|
|b 2610655808
|c CDR-1360.048
|l MZK
|r Sklad / do 24 hodin
|n 0
|p p.v.
|w 001539092
|u 000010
|a 1
|e BOA001
|j MZK50
|s P
|